<?xml version="1.0" encoding="UTF-8"?>
<record
    xmlns:xsi="http://www.w3.org/2001/XMLSchema-instance"
    xsi:schemaLocation="http://www.loc.gov/MARC21/slim http://www.loc.gov/standards/marcxml/schema/MARC21slim.xsd"
    xmlns="http://www.loc.gov/MARC21/slim">

  <leader>00858nam a2200205Ia 4500</leader>
  <controlfield tag="003">IN-BaIIA</controlfield>
  <controlfield tag="008">211028s9999    xx            000 0 eng d</controlfield>
  <datafield tag="020" ind1=" " ind2=" ">
    <subfield code="a">4-946443-18-5</subfield>
  </datafield>
  <datafield tag="040" ind1=" " ind2=" ">
    <subfield code="c">IIA Library</subfield>
  </datafield>
  <datafield tag="080" ind1=" " ind2=" ">
    <subfield code="a">523.9(082.2)</subfield>
    <subfield code="b">UCH</subfield>
  </datafield>
  <datafield tag="111" ind1=" " ind2=" ">
    <subfield code="a">International Symposium on the Yokhov Scientific Results</subfield>
    <subfield code="c">Japan</subfield>
    <subfield code="d">1993 Feb. 23-25</subfield>
    <subfield code="9">22293</subfield>
  </datafield>
  <datafield tag="245" ind1=" " ind2="0">
    <subfield code="a">X-Ray solar physics from Yohkov</subfield>
    <subfield code="b">proceedings of the International symposium on the Yokhov Scientific results held at Japan during 23-25 February 1993</subfield>
    <subfield code="c">edited by Y. Uchida,T. Watanabe and K. Shibata                                                    </subfield>
  </datafield>
  <datafield tag="260" ind1=" " ind2=" ">
    <subfield code="a">Japan</subfield>
    <subfield code="b">Universal Academy Press</subfield>
    <subfield code="c">1994</subfield>
  </datafield>
  <datafield tag="300" ind1=" " ind2=" ">
    <subfield code="a">xiv, 340p.</subfield>
  </datafield>
  <datafield tag="490" ind1=" " ind2=" ">
    <subfield code="a">Frontiers science series; 10</subfield>
  </datafield>
  <datafield tag="650" ind1=" " ind2=" ">
    <subfield code="a">Solar physics, Sun</subfield>
    <subfield code="9">21221</subfield>
  </datafield>
  <datafield tag="700" ind1=" " ind2=" ">
    <subfield code="a">Shibata, K., ed.</subfield>
    <subfield code="9">22294</subfield>
  </datafield>
  <datafield tag="700" ind1=" " ind2=" ">
    <subfield code="a">Watanabe, T., ed.</subfield>
    <subfield code="9">22295</subfield>
  </datafield>
  <datafield tag="942" ind1=" " ind2=" ">
    <subfield code="c">BK</subfield>
  </datafield>
  <datafield tag="999" ind1=" " ind2=" ">
    <subfield code="c">12732</subfield>
    <subfield code="d">12732</subfield>
  </datafield>
  <datafield tag="952" ind1=" " ind2=" ">
    <subfield code="0">0</subfield>
    <subfield code="1">0</subfield>
    <subfield code="4">0</subfield>
    <subfield code="7">0</subfield>
    <subfield code="a">BAN</subfield>
    <subfield code="b">BAN</subfield>
    <subfield code="c">GEN</subfield>
    <subfield code="d">1998-11-12</subfield>
    <subfield code="e">UNAP  </subfield>
    <subfield code="g">5950.00</subfield>
    <subfield code="l">0</subfield>
    <subfield code="o">523.9(082.2)/ UCH</subfield>
    <subfield code="p">13649</subfield>
    <subfield code="r">2021-11-05</subfield>
    <subfield code="v">5950.00</subfield>
    <subfield code="w">1998-11-12</subfield>
    <subfield code="y">BK</subfield>
    <subfield code="G">Rs. 5950.00  </subfield>
  </datafield>
</record>
